| 000 | 01032nam a22003137a 4500 | ||
|---|---|---|---|
| 001 | 0000623 | ||
| 003 | KOHA_MİRAKIL | ||
| 005 | 20260207001216.0 | ||
| 007 | ta | ||
| 008 | 081212b2005 tu |||gr||||#||||0|tur | | ||
| 020 |
_a9755917276 _cYTL15,69 |
||
| 040 |
_aTR-BiSEU _btur _cTR-BiSEU _erda |
||
| 041 | 0 | _atur | |
| 044 | _ctu | ||
| 050 |
_aQ161.2 _b.E73 2005 |
||
| 100 | 1 | _aErbaş, Suzan. | |
| 245 | 1 |
_aFen bilgisi laboratuvarı ve uygulamaları/ _cSuzan Erbaş ; Naciye Şimşek, Yasemin Çınar. |
|
| 264 | 1 |
_aAnkara : _bNobel _c2005 |
|
| 300 | _a[10] , 262 sayfa: resimli | ||
| 336 |
_ametin _btxt _2rdacontent |
||
| 337 |
_aaracısız _bn _2rdamedia |
||
| 338 |
_acilt _bnc _2rdacarrier |
||
| 490 | 0 | _aNobel Yayın No:742 , Eğitim ve Psikoloji Yayınları Dizi No:210 | |
| 650 | 0 |
_aFen bilimleri. _91845 |
|
| 650 | 0 |
_aFen bilimleri Deneyler. _92952 |
|
| 650 | 0 |
_aFen bilimleri Laboratuvar kitapları. _92953 |
|
| 830 | 0 |
_aNobel Yayın No:742 , Eğitim ve Psikoloji Yayınları Dizi No:210 _92954 |
|
| 942 |
_2lcc _cBK |
||
| 999 |
_c623 _d623 |
||